| 000 | 00525nam a22001577a 4500 | ||
|---|---|---|---|
| 003 | macl | ||
| 005 | 20191115130940.0 | ||
| 008 | 191115b xxu||||| |||| 00| 0 eng d | ||
| 040 | _cmacl | ||
| 082 | _a100 | ||
| 100 |
_aडाॅ मधु चौबे _977117 |
||
| 245 | _aआचार्य नागार्जुन और शंकर की मर्कणा पद्धति | ||
| 260 |
_aकला प्रकाशन _bवाराणसी _c2018 |
||
| 650 |
_aदर्शन _977118 |
||
| 942 |
_2ddc _cHIN |
||
| 999 |
_c61298 _d61298 |
||